000 00567nam a2200217 a 4500
001 9190
003 CO-ViMGA
008 141112s2004 ck r 000 u spa d
040 _aCO-ViMGA
_bspa
_cCO-ViMGA
082 0 4 _aMEVIGAPOR B922
100 1 _aBuckel ; Hebert, Gregor Brandt,
_99703
245 1 0 _aAmpliar y reparar su P.C.
250 _a4
260 _aBarcelona :
_bAlfaomega,
_c1999
300 _a904p. : il
650 1 4 _aCOMPUTADORES REPARACION
_99704
650 1 4 _aCPU
_99705
650 1 4 _aHARDWARE
_955174
650 1 4 _aMEMORIAS
_948220
942 _2ddc
_cBK
999 _c20731
_d20731